000 00580nam a22002177a 4500
003 UA-OsUOA
001 38357
007 ta
008 20060504b un ||||| |||| 00| 0 ukr d
100 _aМошняга Людмила
090 _a82
_bМ11
942 _cSA
040 _aUA-OsUOA
_bukr
_cUA-OsUOA
_dUA-OsUOA
245 _aШвабра в люрексі
300 _a15 с.
955 _a0
041 _aukr
080 _a82
773 0 _w38355
_tВільне слово
_dРівне
_d2006
_g37
650 7 _a82 Література. Літературознавство
_2UDC
999 _c324525
_d324525